Legal metrology act 2009 with rules (Record no. 396346)
[ view plain ]
| 000 -LEADER | |
|---|---|
| fixed length control field | 00483 a2200181 4500 |
| 005 - DATE & TIME | |
| control field | 20260227094502.0 |
| 008 - FIXED-LENGTH DATA ELEMENTS--GENERAL INFORMATION | |
| fixed length control field | 260225b |||||||| |||| 00| 0 eng d |
| 020 ## - ISBN | |
| International Standard Book Number | 9789371269193 |
| Price | Rs. 695.00 |
| 040 ## - CATALOGING SOURCE | |
| Original cataloging agency | VIVEKANANDA LIBRARY |
| 082 ## - DDC NUMBER | |
| Classification number | 343.54087 |
| Book Number | T199L |
| 100 ## - MAIN ENTRY--PERSONAL NAME | |
| Personal name | Taxmann |
| 245 ## - TITLE STATEMENT | |
| Title | Legal metrology act 2009 with rules |
| 260 ## - PUBLICATION, DISTRIBUTION, ETC. (IMPRINT) | |
| Name of publisher, distributor, etc | Taxmann |
| Date of publication, distribution, etc | 2026 |
| Place of publication, distribution, etc | New Delhi |
| 300 ## - PHYSICAL DESCRIPTION | |
| Pages | v. |
| 650 ## - Subject | |
| Subject | Weights and Measures-Law and Legislation-India |
| 650 ## - Subject | |
| Subject | Bare Act-Law |
| 942 ## - ADDED ENTRY ELEMENTS (KOHA) | |
| Koha item type | Books |
| Withdrawn status | Lost status | Source of classification or shelving scheme | Damaged status | Not for loan | Location (home branch) | Sublocation or collection (holding branch) | Shelving location | Date acquired | Koha issues (times borrowed) | Koha full call number | Accession No. | Koha date last seen | Koha item type |
|---|---|---|---|---|---|---|---|---|---|---|---|---|---|
| Dewey Decimal Classification | VIVEKANANDA LIBRARY | VIVEKANANDA LIBRARY | Law Library | 23/02/2026 | 343.54087 T199L | 378047 | 23/02/2026 | Books | |||||
| Dewey Decimal Classification | VIVEKANANDA LIBRARY | VIVEKANANDA LIBRARY | Law Library | 23/02/2026 | 343.54087 T199L | 378046 | 23/02/2026 | Books | |||||
| Dewey Decimal Classification | VIVEKANANDA LIBRARY | VIVEKANANDA LIBRARY | Law Library | 23/02/2026 | 343.54087 T199L | 378049 | 23/02/2026 | Books | |||||
| Dewey Decimal Classification | VIVEKANANDA LIBRARY | VIVEKANANDA LIBRARY | Law Library | 23/02/2026 | 343.54087 T199L | 378045 | 23/02/2026 | Books | |||||
| Dewey Decimal Classification | VIVEKANANDA LIBRARY | VIVEKANANDA LIBRARY | Law Library | 23/02/2026 | 343.54087 T199L | 378048 | 23/02/2026 | Books |
